Bratislava

Bibliographic Details
Format: Map
Language:Slovak
English
German
Hungarian
PhysicalDescription:1 mapa mapy, grafy 66 x 96 cm 1 textová príloha ([7] strán, 23 cm)
Published: Bratislava Mapa Slovakia 1997
ISBN:808871611X
Subjects:

MARC

LEADER 00000cem a2200000 a 4500
001 vtls001318794
003 SK-MaSNL
005 20260425222120.0
007 aj cazzn
008 210701s1997 xo a r 00 slo
015 |a SNBC1998/03-01801 
020 |a 808871611X 
035 |a SNK000271358 
035 |a 19087C8C-F9D3-4F52-99BC-9639583C8122 
035 |a urn:nbn:sk:snk-em00ek1s 
035 |a urn:nbn:sk:snk-em3leld 
035 |a 7167E914-0B4A-4318-816E-A09D94D50687 
035 |a urn:nbn:sk:snk-em00bfh8 
040 |a SNK  |b slo  |c SNK  |e AACR2 
041 0 |a slo  |a eng  |a ger  |a hun 
043 |a e-xo--- 
044 |a xo  |c SK 
080 |a 908.437.6-25(084.3)  |2 1981 
080 |a 796.5  |2 1981 
080 |a (437.611)  |2 2011 
245 0 0 |a Bratislava  |h kartografický dokument  |c technický redaktor Peter Geisse ; redakčné spracovanie: Alexandra Fuknová, Dana Glosová 
255 |a Mierka 1:20 000 
260 |a Bratislava  |b Mapa Slovakia  |c 1997 
300 |a 1 mapa  |b mapy, grafy  |c 66 x 96 cm  |e 1 textová príloha ([7] strán, 23 cm) 
500 |a Číslo ISBN patrí k prílohe 
500 |a Text čiastočne anglicky, nemecky a maďarsky ; obsahuje vysvetlivky 
651 7 |a Bratislava (Slovensko)  |2 SNKPHgeo  |9 14568 
655 7 |a orientačné plány  |2 SNKPH  |9 74276 
700 1 |a Fuknová, Alexandra  |4 lso  |9 43795 
700 1 |a Glosová, Dana  |4 lso  |9 289536 
700 1 |a Geisse, Peter  |4 lso  |9 43876 
919 |a 80-88716-11-X 
954 |a mapy pôvodné (slovenské)  |2 lita 
958 |a TL 
999 |c 544934  |d 546864 
952 |a SNK  |b SNK  |y PREZ  |7 0  |p 17A0125201  |o snkSLBm 538  |i snkKSP 3191/98  |0 0  |1 0  |4 0  |d 1998-03-06  |f 1  |l 0  |r 2005-01-02 00:00:00  |w 2026-02-23 
952 |a SNK  |b SNK  |y PREZ  |7 0  |p 17A0125200  |o snkSLBm 538/príl.  |i snkKSP 3191/98  |0 0  |1 0  |4 0  |d 1998-03-06  |f 1  |l 0  |r 2005-01-02 00:00:00  |w 2026-02-23 
952 |a SNK  |b SNK  |y VYP  |7 0  |p 17A0125199  |o snkSLBm 538 D1  |i snkKSP 3192/98  |0 0  |1 0  |4 0  |d 1998-03-06  |l 0  |r 2005-01-02 00:00:00  |w 2026-02-23 
952 |a SNK  |b SNK  |y VYP  |7 0  |p 17A0125198  |o snkSLBm 538/príl. D1  |i snkKSP 3192/98  |0 0  |1 0  |4 0  |d 1998-03-06  |l 0  |r 2005-01-02 00:00:00  |w 2026-02-23